01203nab a2200241 4500003001000000005001700010008004100027040001400068041000800082100012900090245011000219260003500329300001100364500031300375650001600688650001800704650002900722650002600751650001700777650002600794700004800820773009300868AR-RoBPED20260422120255.0260422b |||||||| |||| 00| 0 spa d aAR-RoBPED aspa1 aFernández Marchesi, Nancy E.eDoctora en Investigación en la Enseñanza y el Aprendizaje de las Ciencias Experimentales13aEl diseño de actividades prácticas de laboratorios para promover las habilidades de investigación / aBuenos Aires :bNoveduc,c2024 a2-9 p. aLas autoras presentan algunas recomendaciones para el abordaje de las actividades prácticas de laboratorio desde un enfoque de investigación basado en historias de la ciencia que tienen como protagonistas a poblaciones habitualmente individualizadas o en situaciones social o políticamente críticas.  0aPRÁCTICAS 7aINVESTIGACION 7aHISTORIA DE LAS CIENCIAS 0aPROPUESTA DIDÁCTICA 7aLABORATORIOS 7aACTIVIDADES PRACTICAS1 aRodriguez, ElizabetheDocente de Biología0 020414dBuenos Aires : Noveduc, 1993-tNovedades Educativasw(AR-RoBPED)20414x03283534